00453cam a2200169ua 4500001000400000008003900004020001800043040000900061082001100070245005400081250000900135260003300144300001700177653002200194653003500216700003200251585110409n ii |||gr||||Z||||||eng a81-7339-084-3 cMAIN a342.541 aBharatia hangbidhan aru sarkarcby Purandar Gogoi a1st. aDibrugarh:bBanalata,c2001. a533p:c30cm. aPolitical science aBharatia hangbidhan aru sarkar aGogoi, Purandar.,eAutjhor.